Guess the BoJack Horseman Character - Statistics

General Stats
  • This quiz has been taken 223 times
  • The average score is 47 of 116
Answer Stats
Hint Voiced by Answer % Correct
Star of 'Horsin' Around', 'Philbert', 'Secretariat' and 'The Horny Unicorn' Will Arnett BoJack Horseman
99%
A teenage girl who's been in rehab five times, sneaks vodka into Pastiches and befriends BoJack Kiersey Clemons Jameson H.
92%
Star of 'Birthday Dad' and 'Hollywoo Stars and Celebrities', founder of PB Livin' and stealer of the D Paul F. Tompkins Mr. Peanutbutter
92%
Mr. Peanutbutter's older brother with a twisted spleen "Weird" Al Yankovic Captain Peanutbutter
91%
Author of 'Secretariat: A Life', 'One Trick Pony' and the 'Ivy Tran' series Alison Brie Diane Nguyen
91%
Founder of Disneyland, co-founder of Cabracadabra and nanny for Ruthie Aaron Paul Todd Chavez
91%
Heiress to the Sugarman Sugar Cube fortune Wendie Malick Beatrice Horseman
84%
Prince of Cordovia, looks exactly like Todd Aaron Paul Prince Gustav
84%
Founder and CEO of VIM Management, producer of 'Philbert' and 'Birthday Dad' Amy Sedaris Princess Carolyn
83%
BoJack's childhood hero, the fastest runner in the world who died by suicide in 1973 John Krasinski Secretariat
82%
Student at Wesleyan University, has eight adopted fathers and a very long surname Aparna Nancherla Hollyhock Manheim-Mannheim-Guerrero-Robinson-Zilberschlag-Hsung-Fonzerelli-McQuack
81%
Creator of 'Horsin' Around' and former stand-up comedian Stanley Tucci Herb Kazzaz
79%
Starred as 'Sabrina' on 'Horsin' Around', later an international popstar sensation Kristen Schaal Sarah Lynn
79%
Son of the above, a soldier killed during World War 2 Lin-Manuel Miranda Crackerjack Sugarman
65%
Daughter of the above, graduate of Oberlin College Ilana Glazer Penny Carson
64%
Failed author of 'The Horse That Couldn't Be Broken' Will Arnett Butterscotch Horseman
62%
Owner of Your Deer Friend in Tesuque, New Mexico and former girlfriend of Herb Kazzaz Olivia Wilde Charlotte Moore
62%
Esteemed character actress and convicted felon Margo Martindale Margo Martindale
58%
Star of Harry Potter, appears on Hollywoo Stars and Celebrities Daniel Radcliffe Daniel Radcliffe
57%
CEO of Sugarman Sugar Cubes, deeply misogynistic and anti-Semitic Matthew Broderick Joseph Sugarman
55%
COO at VIM Management and Princess Carolyn's husband Diedrich Bader Judah Mannowdog
53%
Princess Carolyn's ex-boyfriend, owns a greeting card company Raul Esparza Ralph Stilton
53%
International 'sexy teenage wunderkind', singer of 'My Clitoris Is Gynormous' and 'Get Dat Fetus Kill Dat Fetus' Daniele Gaither Sextina Aquafina
53%
Princess Carolyn's rival agent, co-founder of Gekko-Rabitowitz and a woman who seems to have it all Kristin Chenoweth Vanessa Gekko
53%
Co-starred as 'Sassy Malone' on 'Philbert', star of 'Fireflame' and BoJack's ex-girlfriend Stephanie Beatriz Gina Cazador
52%
Wife of the above, lobotomized after her son's death during World War 2 Jane Krakowski Honey Sugarman
52%
Second wife of Mr. Peanutbutter Jessica Biel Jessica Biel
52%
Definitely isn't three kids stacked under a trench coat, I swear... Alison Brie Vincent Adultman
52%
An actress who stars in a movie about a divorced woman finding herself in Vietnam Laura Linney Laura Linney
49%
Current Head of Programming at MBN, former editor at Penguin Publishing Patton Oswalt Pinky Penguin
49%
Princess Carolyn's adopted porcupine daughter N/A Ruthie
49%
Star of 'Hank After Dark' whom Diane tries to take down after he is accused of sexual assault Philip Baker Hall Hank Hippopopalous
48%
Biological mother of Hollyhock, a nurse Majandra Delfino Henrietta Platchkey
48%
Former CEO of What Time Is It Right Now? and a sex robot Aaron Paul Henry Fondle
48%
Mr. Peanutbutter's ex-fiancee who was born in 1993 and is an 'aspiring Instagram influencer' Julia Chan Pickles Aplenty
48%
Princess Carolyn's ex-boyfriend, co-founder of Gekko-Rabitowitz and husband to Katie Ben Schwartz Rutabaga Rabitowitz
48%
Singer for The Beatles, baked into a cake for Diane's 35th birthday Sir Paul McCartney Sir Paul McCartney
48%
Former Head of Programming at MBN, was in a coma for 30 years Lisa Kudrow Wanda Pierce
48%
Star of that one episode of Law and Order: SVU and a friend of Herb's Henry Winkler Henry Winkler
47%
Director of 'Fireflame' and 'Women Who Love Women Who Love Recycling', original director of 'Secretariat' and lesbian indie film darling Maria Bamford Kelsey Jannings
47%
Princess Carolyn's original assistant at Vigor Rachel Bloom Laura
46%
BoJack's co-star on 'Secretariat', died during a sexual mishap Brandon T. Jackson Corduroy Jackson-Jackson
45%
Freelance cameraman and Diane's eventual husband Lakeith Stanfield Guy
44%
President of ABC during the 1990s Anjelica Huston Angela Diaz
43%
Unseen character - a friend of Mr. Peanutbutter's who he references nearly every episode N/A Erica
43%
Creator, showrunner and writer of 'Philbert' Rami Malek Flip McVicker
43%
Ex-boyfriend of Sarah Lynn, has an accident at the Halloween in January store Paul F. Tompkins Andrew Garfield
42%
Co-founder of Cabracadabra, creator of All About That Ace and Todd's girlfriend in 2007 Abbi Jacobson Emily
42%
Husband of Charlotte, always telling bad jokes Ed Helms Kyle Carson
42%
Producer of 'Secretariat', 'Mr. Peanutbutter's Hollywoo Heist' and 'Ms. Taken' J.K. Simmons Lenny Turteltaub
42%
Creator and showrunner of 'Hollywoo Stars and Celebrities: What Do They Know? Do They Know Things? Let's Find Out!' and a famous author Alan Arkin J.D. Salinger
41%
Appears on Hollywoo Stars and Celebrities, a bass Lance Bass Lance Bass
40%
Officer for the LAPD, a loose cannon Cedric Yarborough Officer Meow Meow Fuzzyface
39%
BoJack's publicist for the 2016 Oscar Campaign and Vance Waggoner's former publicist Angela Bassett Ana Spanakopita
38%
Boyfriend of the above, sometimes says everything twice Jermaine Fowler Peter 'Pete Repeat' Pocket
38%
Todd's stepfather Jaime Cavil Jorge Chavez
37%
News anchor and journalist on 'Braxby Means Business' Daniele Gaither Biscuits Braxby
36%
Goes undercover at Pastiches Malibu for a role Jay Hernandez Jay Hernandez
36%
A popstar who helps Mr. Peanutbutter run his depression awareness campaign Hilary Swank Joey Pogo
36%
Star of 'The Nazi Who Played Yahtzee' and a famous prankster, based on George Clooney Jay Mohr Jurj Clooners
36%
Hairdresser and makeup artist on 'Horsin' Around' Amy Sedaris Sharona
36%
Mr. Peanutbutter's cruel first wife who tries to help elect him as Governor of California Lake Bell Katrina
35%
Owner of 'Girl Croosh' and sister of Ralph Kimiko Glenn Stefani Stilton
35%
BoJack's therapy horse at Pastiches Malibu, a formerly-sober alcoholic Sam Richardson Doctor Champ
33%
'Intrepid gal reporter' for The Hollywoo Reporter, leads investigations into BoJack for an expose Paget Brewster Paige Sinclair
33%
Works with the Better Business Bureau, Todd's ex-girlfriend Natalie Morales Yolanda Buenaventura
33%
Current owner of Vigor, highly incompetent and has failed upwards his whole life, son of the above Raphael Bob-Waksberg Charley Witherspoon
32%
News anchor for Excess Hollywoo and Morning Time Hollywoo, host of The Deep Dive Adam Conover A Ryan Seacrest Type
31%
Star of 'Fireflame' and 'Ms. Taken', the subject of several tongue twisters and a former client of Princess Carolyn's Sharon Horgan Courtney Portnoy
31%
Diane's adopted brother, the literal black sheep of the family Patton Oswalt Gary Nguyen
31%
CEO of Whitewhale Consolidated Interests whom Diane tries to take down, but fails Stephen Root Jeremiah Whitewhale
31%
Former owner of Vigor, died of a stroke in 2015 Stephen Colbert Mr. Witherspoon
31%
Starred as 'Ethan' on 'Horsin' Around' Adam Conover Bradley Hitler-Smith
30%
Creator and writer of 'The BoJack Horseman Show' Jeffrey Wright Cuddlywhiskers
30%
News anchor for MSNBSea and host of Gotcha! Keith Olbermann Tom Jumbo-Grumbo
30%
Son of the above, suffers from poorly timed erections Adam Pally Trip Carson
30%
Barista at Cinnabunny in Air Bud International Airport, Todd's current girlfriend Echo Gillette Maude
29%
Former nurse of Herb Kazzaz and Beatrice Horseman Raphael Bob-Waksberg Tina
29%
One of Diane's brothers, wears a blue and yellow jersey VyVy Nguyen Tommy Nguyen
29%
One of Diane's brothers, missing two teeth VyVy Nguyen Artie Nguyen
28%
Incredibly problematic actor and director of 'The Horny Unicorn' Bobby Cannavale Vance Waggoner
28%
One of Diane's brothers, can't look up from the game VyVy Nguyen Marty Nguyen
27%
Todd's mother Chloe Dykstra Helen Chavez
26%
Diane's emotionally abusive father Paul F. Tompkins Mr. Nguyen
26%
Diane's emotionally abusive mother Alison Brie Mrs. Nguyen
26%
Starred as 'Goober' on 'Horsin' Around', owner of Whale World Fred Savage Richie 'Goober' Osborne
26%
Dragonfly who helps BoJack restore the Sugarman's summer home Colman Domingo Eddie
25%
A narcissistic billionaire philanthropist who asks Diane to write a book all about him Keegan-Michael Key Sebastian St. Clair
25%
Co-host of Morning Time Hollywoo until she is kidnapped off-screen Mircea Monroe Some Lady
25%
Son of the above, a varsity athlete Will Arnett Sonny
25%
Beatrice's chaperone at her debutante party David Walton Corbin Creamerman
24%
Emotionally abusive mother of Sarah Lynn Daniele Gaither Carol Himmelfarb-Richardson
23%
Biological mother of Ruthie from Eden, North Carolina Jaime Pressly Sadie
23%
Starred as 'Olivia' on 'Horsin' Around' Alison Brie Joelle Clark
21%
Sister of the above, sex advice columnist Natalie Morales Mindy Buenaventura
21%
Princess Carolyn's assistant at Vigor and later VIM Management, highly incompetent and obnoxious James Adomian Stuart
21%
Director and writer of 'The Tragedy of Greg Kinglear', the above's former lover Mara Wilson Jill Pill
20%
The Governor of California and Mr. Peanutbutter's political opponent Andre Braugher Woodchuck Coodchuck-Berkowitz
20%
New, lazy director of 'Secretariat' Garry Marshall Abe D'Catfish
19%
Mother of the above, famous porn actress Eva Longoria Angelica Buenaventura
19%
Princess Carolyn's alcoholic mother David Sedaris Cutie Cutie Cupcake
19%
Director of 'Mr. Peanutbutter's Hollywoo Heist' Kevin Bigley Quentin Tarantulino
19%
New showrunner on 'Horsin' Around' after Herb's dismissal in the early 90s Philip Rosenthal Danny Bananas
18%
Beatrice's childhood bully Natasha Rothwell Clemelia Bloodsworth
15%
Fellow journalist for The Hollywoo Reporter, helps lead the investigation into BoJack's past Max Greenfield Maximillian Banks
14%
Recipient of J.D. Salinger's pen on the set of 'Hollywoo Stars and Celebrities' Tatiana Maslany Mia McKibben
14%
Princess Carolyn's unhelpful adoption caseworker Jean Villepique Tracy
14%
Penny's high school best friend, gets alcohol poisoning at the prom Ali Wong Maddy Ginsberg
13%
Editor-in-Chief at Manatee Fair and a friend of Princess Carolyn's Christine Baranski Amanda Hannity
11%
Princess Carolyn's one-night stand from Eden, accidentally impregnated her at 18 Brian Tyree Henry Cooper Thomas Rogers Wallace, Jr.
11%
Father of the above Daveed Diggs Cooper Thomas Rogers Wallace, Sr.
11%
President of the BoJack Horseman Fan Club Kathy Naijimy Marcy Jerominek
10%
Biological father of Ruthie from Eden, North Carolina Brian Tyree Henry Strib
9%
Hollyhock's best friend at Wesleyan, a drama major in BoJack's class Geraldine Viswanathan Tawnie
9%
An actress best known for her show 'Timedium', was impregnated by BoJack but got an abortion Archie Panjabi Tilda Madison
7%
Member of 'The Snatch Batch' who invites Diane to one of his parties by mistake Dave Franco Alexi Brosefino
6%
No matching quizzes found
Score Distribution
Percent of People with Each Score
Percentile by Number Answered
Your Score History
You have not taken this quiz